Jakiego rapera to tekst? - Statystyki

Ogólne statystyki
  • Ten quiz został rozwiązany 197 razy
  • Średni wynik to 6 z 20
Statystyki odpowiedzi
Cytat Odpowiedź % Poprawnych
"Tak jak Igi, miasta dają lęki mi,A za wersy chcieli wybić zęby mi." Oki
71%
"Też nie miałem taty i go nie pamiętam,Chciałem z tatą spędzić jedne święta." Bedoes
51%
"Nawet kiedy będziesz mieć jakiś problem, to na mnie go zrzuć,Bo mój żywot nigdy nie był aż tak ważny jak twój." Fukaj
48%
"Od półtora roku nikogo na widoku,Tylko dźwięki hip-hopu na dziewiątym piętrze w bloku." Magik
44%
"Kiedyś dwie lewe ręce dzisiaj urabiam się po łokcie.Urodziłem się w Opocznie." Żabson
42%
"Ty I twoja skeezer rzucacie mnie na głośniki,Ciekawe, gdzie mieszka ten typ co robi beaty." Schafter
41%
"Chociaż chciałbym się dowiedzieć co u Ciebie słychać,Od tych czasów, gdy nie mam całej mordy w kolczykach." Chivas
40%
"Możesz zauważyć mnie w różnych miejscach Warszawy gdzie,Lubię przysmażyć, gdzie lubię potańczyć i wypić dwie flachy." Mata
38%
"Kręcę się po mieście z wiecznie zblazowaną miną,Mózg jak karabin, mógłbym zabić kogoś, zgładzić myślą." Taco Hemingway
36%
"(...) I w sumie zgadza się to trochę, bo w mojej roli,Chciałby być co drugi chłopiec." White 2115
31%
"Wykapana mama - mówili kumple tacie,Tylko, że moja mama jest piękna jak obrazek." Kacperczyk
29%
"Zazdrościliśmy sobie nawzajem, my piękna i ciepła, wy życia na przekór." Białas
27%
"I jak pewnie bym nie poznał psychiatryków,To bym z Wami kręcił bekę z ludzi pogubionych w życiu." Szpaku
27%
"Kupiłem drogi zegarek, bo podobno czas rany leczy." Kinny Zimmer
21%
"Chudy mały chłopiec, a te panie mówią, że to niby ciężki dzieciak." Lanek
16%
"Żeby mnie oceniać byku lepiej złap kontekst,Wygoogluj moje wyróżnienia realizatorskie." Janusz Walczuk
11%
"Nie jestem Bogiem, a szkoda bo chciałbym,Wtedy odwróciłbym cały ruch planet, By cofnąć się w czasie na początek trasy." Gibbs
10%
"Moje serce wybija tobie zęby, a nie krycha,Mamy tercet jak ona się wypina znowu wbija holla how." Alan
6%
"Anioły płaczą demony się śmieją,Bo z mojej nadziei pozostał mi strach." Young Multi
5%
"Znam cały ten syf, wychowałem się w nim i rozumiem do dziś, o co biega,Byłem taki jak ty, bardzo młody i zły, wtedy zacząłem pić i uciekać." Kuqe 2115
3%
Nie znaleziono quizów pasujących do podanych kryteriów
Rozkład punktacji
Procent ludzi z każdym wynikiem
Percentyl według liczby udzielonych odpowiedzi
Twoja historia wyników
Nie rozwiązałeś tego quizu